Bordering a Country Bordering Germany Quiz Stats

 Plays Quiz not verified by Sporcle

Also try: 8-Letter Countries
Challenge
Share
Tweet
Embed
Score 0/23 Timer 05:00
0 Plays Today
Country % Correct
Italy
97.8%
Spain
97.5%
Slovakia
94%
Hungary
93.1%
Slovenia
92.7%
Russia
92.5%
Belgium
89.9%
Liechtenstein
89.9%
Andorra
88.8%
Netherlands
88.2%
Ukraine
88.2%
Lithuania
88.1%
Country % Correct
Czech Republic
88%
Austria
87.6%
France
86.6%
Switzerland
86.6%
Luxembourg
86.5%
Poland
85.9%
Belarus
85.6%
Monaco
81.4%
Germany
47.7%
Brazil
45.4%
Suriname
43.4%

You're not logged in!

Compare scores with friends on all Sporcle quizzes.
OR
Log In

You Might Also Like...

Show Comments

Extras

Top Quizzes Today


Score Distribution

Your Account Isn't Verified!

In order to create a playlist on Sporcle, you need to verify the email address you used during registration. Go to your Sporcle Settings to finish the process.

Report this User

Report this user for behavior that violates our Community Guidelines.

Details: